000 00717nam a22002417a 4500
003 UA-OsUOA
001 110085
007 ta
008 20150217b un ||||| |||| 00| 0 ukr d
100 _aЛісовенко В.В.
700 _aБенч Л.Я.
700 _aБец О.І
090 _a330(477)
_bЛ-56
942 _cSA
040 _aUA-OsUOA
_bukr
_cUA-OsUOA
_dUA-OsUOA
245 _aДержавний борг: концептуальні засади та макроекономічні аспекти
300 _aС.7-32
955 _a0
041 _aukr
080 _a330(477)
773 0 _w110084
_tФінанси України
_dК.
_d2014
_g12
650 7 _a330 Економіка взагалі
_2UDC
999 _c396103
_d396103